000 00706nam a22001817a 4500
999 _c371918
_d371918
008 201127b ||||| |||| 00| 0 eng d
040 _aDE-2950
_bger
_cDE-2950
_erda
041 _ager
245 _aLeihrad-Anbieter gibt Aus bekannt
_bMobilität. E-Roller und E-Räder zum Mieten sind im Stadtbild präsent. Doch nun kündigt das US-Unternehmen Bird den Rückzug an/
_crei
264 _c2022
653 _aFrankfurt (Oder)
653 _aE-Roller
773 _dFrankfurt (Oder) Märkisches Verlags- und Druckhaus GmbH & Co KG
_tMärkische Oderzeitung
_g33. Jahrgang (2022) Nr. 248 vom 24.10.2022, S. 13; mit Foto
942 _cA